Score 0/28 Timer 05:00
0 Plays Today
Song Title Missing Word % Correct
Wake Me Up When _____ EndsSeptember
94.5%
_____ Guys Finish LastNice
88%
_____ of Broken DreamsBoulevard
86.9%
_____ CaseBasket
83.7%
Good _____ (Time of Your Life)Riddance
82.2%
When I _____ AroundCome
81.5%
_____ Your EnemyKnow
76.9%
_____ of SuburbiaJesus
76.3%
Welcome to _____Paradise
69.9%
_____ for a DayKing
67.3%
Brain _____Stew
65.6%
St. _____Jimmy
64.8%
Extraordinary _____Girl
62.1%
Are We the _____Waiting
61.1%
Song Title Missing Word % Correct
Pulling _____Teeth
60.4%
_____ a RideHitchin'
60%
_____ Stink BreathGeek
59.2%
_____'s Day ParadeMacy
58.4%
Give Me _____Novacaine
56.8%
_____ Jesus NowhereEast
54.2%
Sassafras _____Roots
51.7%
Having a _____Blast
49.8%
_____ and HandgrenadesHorseshoes
49.2%
_____ CleanComing
48.4%
_____ Heart SyndromeRestless
45.9%
Walking _____Contradiction
45.9%
_____ on SundayChurch
45.3%
Blood, Sex and _____Booze
44.4%

Today's Daily Dose

Missing Word
Polite Songs

Word Ladder
Woodworking

Get the Picture
Cruz or Hayek

Remove Ads.
Support Sporcle.
Get the best of Sporcle when you Go Orange. This ad-free experience offers more features, more stats, and more fun while also helping to support Sporcle. Thank you for becoming a member.

You're not logged in!

Compare scores with friends on all Sporcle quizzes.
OR
Log In

Show Comments

Extras

Top Quizzes Today


Score Distribution

Your Account Isn't Verified!

In order to create a playlist on Sporcle, you need to verify the email address you used during registration. Go to your Sporcle Settings to finish the process.

Report this User

Report this user for behavior that violates our Community Guidelines.

Details: